000 00297 a2200145 4500
001 181738
020 _a
040 _cMagnum
100 _aTaniguchi, Masaharu
240 1 0 _aA educacao no lar
_lpor
245 1 0 _aA educacao no lar
362 0 _a1899
697 _aMAGNITO: GERAL
942 _cBK
999 _c181738
_d181738